Drittliga Teams 25/26 - Statistiken

Allgemein
  • Dieses Quiz wurde 72 mal gespielt
  • Das Durchschnittsergebnis liegt bei 6 aus 10
Answers on the Grid
Answers color-coded by a green-red scale on the quiz's grid according to % correct below.
1860
Dynamo Dresden
Cottbus
Osnabrück
Ingolstadt
Meppen
Ulm
Viktoria Köln
Verl
Fortuna Köln
Regensburg
Alemannia Aachen
Jena
Halle
Unterhaching
RW Essen
Sandhausen
 
Antwortstatistiken
Antwort % Korrekt
1860
70%
Ulm
64%
Ingolstadt
62%
Regensburg
62%
RW Essen
62%
Osnabrück
60%
Cottbus
58%
Alemannia Aachen
54%
Verl
52%
Viktoria Köln
50%
Keine übereinstimmenden Quizze gefunden
Verteilung der Resultate
Anzahl Personen mit jedem Resultat
Perzentil nach korrekt beantworteten Fragen
Ihre Resultats-Entwicklung
Sie haben dieses Quiz noch nicht gespielt